Skład Man City w meczu o mistrzostwo 2011/12 (vs QPR) - Statystyki

Ogólne statystyki
  • Ten quiz został rozwiązany 511 razy
  • Średni wynik to 9 z 15
Statystyki odpowiedzi
numer zawodnik % Poprawnych
N#16 Sergio Agüero
98%
BR#25 Joe Hart
91%
ŚO#4 Vincent Kompany
89%
N#45 ('75) Mario Balotelli
81%
LP#21 David Silva
77%
ŚP#42 ('45) Yaya Touré
72%
PO#5 Pablo Zabaleta
62%
N#9 ('69) Edin Dzeko
58%
LO#22 Gaël Clichy
56%
Trener Roberto Mancini
52%
PP#19 Samir Nasri
50%
N#32 ('75) Carlos Tévez
42%
ŚO#6 Joleon Lescott
35%
ŚP#18 ('69) Gareth Barry
22%
ŚP#34 ('45) Nigel de Jong
13%
Nie znaleziono quizów pasujących do podanych kryteriów
Rozkład punktacji
Procent ludzi z każdym wynikiem
Percentyl według liczby udzielonych odpowiedzi
Twoja historia wyników
Nie rozwiązałeś tego quizu